000 00550nam a2200217Ia 4500
003 OSt
005 20220924133409.0
006 a|||||r|||| 00| 0
007 ta
008 220923b |||||||| |||| 00| 0 snd d
024 _a265110
037 _cTextual
040 _aARTS
_cARTS
_bsnd
041 _2snd
_asnd
082 _aO157:3M76:17, 1593J3.2
100 _aChandra Sharat
_9206327
245 0 _aJagrita
260 _c1953
942 _hO157:3M76:17, 1593J3.2
_cTEXL
_2CC
999 _c433652
_d433652